000 00943nam a2200301 i 4500
001 bg
100 1 _aGajda, Janusz
_d(1933- ).
245 1 0 _aMedia w edukacji /
_cJanusz Gajda ; Wyższa Szkoła Pedagogiczna ZNP.
250 _aWyd. 6.
260 _aKraków :
_bOficyna Wydawnicza "Impuls",
_c2007.
300 _a218, [1] s. ;
_c24 cm.
500 _aRozdz. VII zawiera wybór tekstów innych aut.
504 _aBibliogr. s. 215-[219].
546 _aTekst częśc. tł. z ang.
650 9 _aEdukacja medialna
650 9 _aKultura masowa
650 9 _aŚrodki masowego przekazu
650 9 _aWychowanie
020 _a9788373088214
040 _cBPK
041 0 _apol
_heng
044 _aPOL
080 _a37.091.64:659.3:004.032.6:37.016:316.77
920 _a978-83-7308-821-4
942 _cKS
008 s pl f |000 0 pol
999 _c55308
_d55308
856 _uhttp://koha.tu.koszalin.pl/cgi-bin/koha/opac-detail.pl?biblionumber=55308
_yKatalog online BPK